000 00592nam a22001817a 4500
005 20251108164939.0
008 250721s1995 xx 000 0 ara d
082 1 4 _a214/طيب
100 1 _aالطيبي، عكاشة عبد المنان
245 1 0 _aالجفر و الفتن و أشراط الساعة الصغرى - و الوسطى - و الكبرى /
264 1 _aبيروت :
_bدار اليوسف،
_c1995.
300 _a216ص
650 1 7 _aالإسلام
650 1 7 _aالعقيدة الدينية
650 1 7 _aالحياة الآخرة
942 _2ddc
_cBK
999 _c18105
_d18105